| 000 | 01353cad a22002175a 4500 | ||
|---|---|---|---|
| 001 | L149148 | ||
| 008 | 100118s2010 xxk f 000 0 eng d | ||
| 035 | _a(Sirsi) u149148 | ||
| 041 | 0 | _aeng | |
| 050 | 0 | 4 | _a333.33 $2 18 |
| 110 | 2 |
_aBritish Council of Offices _95820 |
|
| 245 | 0 | 4 |
_aThe role of property in recessionary cycles January 2010 _h[electronic resource] |
| 260 |
_aLondon _bBCO _c2010 |
||
| 520 | _aThis research looks at how to develop a property strategy during an economic downturn, analysing the way large occupiers used their property assets most effectively and indicating which lessons are transferable to the small and medium sized enterprise. Based on interviews with 29 occupier organisations responsible for more than 20 million square feet of office space, the report offers four case studies and pointers for future action. Also included is a spreadsheet-based property strategy tool which enables a comparison between your own property strategy and best practice with a link to full instructions on how to use the tool. | ||
| 590 | _aKA NTK | ||
| 651 | 4 |
_aUnited Kingdom _y |
|
| 690 |
_aBlock management _96220 |
||
| 690 | _aMANAGEMENT-BUSINESS MANAGEMENT-BUSINESS PLANNING | ||
| 856 | 4 | 8 |
_uhttps://www.bco.org.uk/research/researchreports/detail.cfm?rid=150 _zView the report free of charge at www.bco.org.uk |
| 942 | _n0 | ||
| 999 |
_c110386 _d110386 |
||